000 00633nam a2200217Ia 4500
003 GCL
008 140319s9999 xx 000 0 eng d
040 _aGCL /
_cGCL
082 0 4 _a624.18341
_bO R
100 1 _aO'BRIEN, EUGENE
245 1 0 _aRIENFORCED AND PRESTRESSED CONCRETE DESIGN THE COMPLETE PROCESS /
_cO'BRIEN, EUGENE
700 1 _aDIXON, ANDREW S.
700 1 _aLOOV, ROBERT E.
260 _a[S.N] :
_bLONGMAN SCIENTIFE & TECHNICAL ،
_c1994
300 _a492 P
650 0 4 _aالتحليل الرياضى
650 0 4 _aCIVIL ENGINEERING
650 0 4 _aCONCRETE
650 0 4 _aREINFORCED CONCRETE
942 _2ddc
_cBK
999 _c20469
_d20469